000 00360pab a2200157 454500
008 180718b1995 xxu||||| |||| 00| 0 eng d
100 _aNair, N.K.
245 _aFull employment by A.D. 2002
260 _c1995
300 _ap.32-35
362 _a11 Nov
650 _aEmployment - India
700 _aOommen, M.A.
773 _aMainstream
909 _a29702
999 _c29702
_d29702